01342cam a2200385 a 4500003000900000005001700009008004100026020002300067020002600090035002700116040007300143050002200216082001700238100002900255245008200284264005500366300003700421336002100458337002500479338002300504504003800527505025100565526001000816526001000826526001000836526001000846526000800856526000800864526000800872526000800880526000800888526000800896526000800904650004400912PE-LiUPU20250731172926.0820628s1982 pau rb 000 0 eng  a081700971Xq(pbk.) a9780817009717q(pbk.) a(Sirsi) i9780817009717 aDLCbspacDLCdBAKERdAUWdYDXCPdOCLCOdOCLCFdOCLCQdPE-LiUPUerda 4aBV4438b.L46 19820 a259bL452191 aLeonard, Joe H.,eautor.10aPlanning family ministry :ba guide for a teaching church /cJoe Leonard, Jr. 1aValley Forge, Pensilvania. :bJudson Press,c1982. a63 páginas ;c22 centímetros atext2rdacontent aunmediated2rdamedia avolume2rdacarrier aBibliografía : páginas 61-63. aThe tasks of family ministry -- The content and skill areas of family ministry -- The biblical foundation of family ministry -- Changin families and family ministry -- Steps to planning family ministries -- Toward a comprehensive family ministry. aSEG42 aSEG41 aSEG40 aSEG39 aP94 aP87 aP86 aP85 aP77 aP76 aP35 0aTrabajo de la Iglesia con las familias.